000 00719nam a2200217Ia 4500
003 IN-BaIIA
008 211028s9999 xx 000 0 eng d
020 _a3-540-06795-7
040 _cIIA Library
245 0 _aAstronomy and astrophysics abstracts
_bvol. 10, pt. 2
_cedited by S. Bohme... [et al.]
260 _aBerlin
_bSpringer-Verlag
_c1973
300 _ax, 661p.
650 _a Abstracts-Astronomy and Astrophysics 
_98053
650 _a Astronomy and Astrophysics Abstracts
_98054
650 _aAstronomy and Astrophysics Thesaurus 
_91143
700 _aBohme, S., ed.
_96427
700 _aFricke, W., ed.
_96053
700 _aGuntzel-Lingner, U., ed.
_96054
700 _aHenn, F., ed.
_96055
942 _cBK
999 _c4577
_d4577